00589cam a22001692 4500001001100000005001700011008004100028040001500069110006900084245009300153250001300246260002600259300001600285650005300301650006200354852000300416000002351320151217161203.0130211s xx 000 0 eng d aKABUcKABU2 aInternational Organization for Standardization [ISO]@000018294610a!SO 14001 Environmental management systems :brequirements with guidance for use /cISO. a2nd ed. aGeneva :bISO,c2004. avii, 23 p. 0aEnvironmental managementxStandards.@0000182947 0aProduction managementxEnvironmental aspects.@00001829481